Comuni del Piemonte - Quiz n°4 - Statistics

Statistiche generali
  • Questo quiz è stato fatto 20 volte
  • Il punteggio medio è 13 su 312
Statistiche sulle risposte
Provincia Comune % Corretto
Moncalieri
57%
Torino
57%
Torino Aglié
36%
Nichelino
36%
Pinerolo
36%
Rivoli
36%
Avigliana
29%
Bardonecchia
29%
Carmagnola
29%
Chieri
29%
Ivrea
29%
Beinasco
21%
Cavour
21%
Collegno
21%
Orbassano
21%
Venaria Reale
21%
Airasca
14%
Almese
14%
Alpignano
14%
Barbania
14%
Brandizzo
14%
Bruino
14%
Bruzolo
14%
Bussoleno
14%
Carignano
14%
Chivasso
14%
Giaveno
14%
Rivarolo Canavese
14%
San Benigno Canavese
14%
Sestriere
14%
Settimo Torinese
14%
Susa
14%
Vinovo
14%
Volvera
14%
Ala di Stura
7%
Albiano d'Ivrea
7%
Alpette
7%
Andazeno
7%
Andrate
7%
Angrogna
7%
Arignano
7%
Azeglio
7%
Bairo
7%
Balangero
7%
Baldissero Canavese
7%
Baldissero Torinese
7%
Balme
7%
Banchette
7%
Barone Canavese
7%
Bibiana
7%
Bobbio Pellice
7%
Bollengo
7%
Borgaro Torinese
7%
Borgiallo
7%
Borgofranco d'Ivrea
7%
Borgomasino
7%
Borgone Susa
7%
Bosconero
7%
Bricherasio
7%
Brosso
7%
Brozolo
7%
Brusasco
7%
Buriasco
7%
Burolo
7%
Busano
7%
Buttigliera Alta
7%
Cafasse
7%
Caluso
7%
Cambiano
7%
Campiglione-Fenile
7%
Candia Canavese
7%
Candiolo
7%
Carema
7%
Castagneto Po
7%
Castellamonte
7%
Cirié
7%
Coazze
7%
Cuceglio
7%
Cuorgné
7%
Druento
7%
Fenestrelle
7%
Torino Foglizzo
7%
Forno Canavese
7%
Front
7%
Leini
7%
Luserna San Giovanni
7%
Mattie
7%
Montanaro
7%
Nole
7%
None
7%
Ozegna
7%
Pino Torinese
7%
Piossasco
7%
Pont Canavese
7%
Quincinetto
7%
Rubiana
7%
San Giorgio Canavese
7%
San Mauro Torinese
7%
San Raffaele Cimena
7%
Sant'Antonino di Susa
7%
Sparone
7%
Vaie
7%
Villar Perosa
7%
Cantalupa
0%
Cantoira
0%
Caprie
0%
Caravino
0%
Casalborgone
0%
Cascinette d'Ivrea
0%
Caselette
0%
Caselle Torinese
0%
Castagnole Piemonte
0%
Castelnuovo Nigra
0%
Castiglione Torinese
0%
Cavagnolo
0%
Cercenasco
0%
Ceres
0%
Ceresole Reale
0%
Cesana Torinese
0%
Chialamberto
0%
Chianocco
0%
Chiaverano
0%
Chiesanuova
0%
Chiomonte
0%
Chiusa di San Michele
0%
CIconio
0%
Cintano
0%
Cinzano
0%
Claviere
0%
Cnischio
0%
Coassolo Torinese
0%
Colleretto Catelnuovo
0%
Colleretto Giacosa
0%
Condove
0%
Corio
0%
Cossano Canavese
0%
Cumania
0%
Exilles
0%
Faletto
0%
Favria
0%
Fiano
0%
Fiorano Canavese
0%
Frassinetto
0%
Frossasco
0%
Garzigliana
0%
Gassino Torinese
0%
Germagnano
0%
Giaglione
0%
Givoletto
0%
Gravere
0%
Groscavallo
0%
Grosso
0%
Gruglisco
0%
Ingria
0%
Inverso Pinasca
0%
Isolabella
0%
Issiglio
0%
La Cassa
0%
La Loggia
0%
Lanzo Torinese
0%
Lauriano
0%
Lemie
0%
Lessolo
0%
Levone
0%
Locana
0%
Lombardore
0%
Lombriasco
0%
Loranzé
0%
Lusernetta
0%
Lusiglié
0%
Macello
0%
Maglione
0%
Mappano
0%
Marentino
0%
Mariondo Torinese
0%
Massello
0%
Mathì
0%
Mazzé
0%
Meana di Susa
0%
Mercenasco
0%
Mezzenile
0%
Mombello di Torino
0%
Mompantero
0%
Monastero di Lanzo
0%
Moncenisio
0%
Montaldo Dora
0%
Montaldo Torinese
0%
Montelenghe
0%
Monteu da Po
0%
Noasca
0%
Nomaglio
0%
Novalesa
0%
Oglianico
0%
Orio Canavese
0%
Osasco
0%
Osasio
0%
Oulx
0%
Pacetto Torinese
0%
Palazzo Canavese
0%
Pancalieri
0%
Parella
0%
Pavarolo
0%
Pavone Canavese
0%
Perosa Argentina
0%
Perosa Canavese
0%
Perreto
0%
Pertusio
0%
Pessinetto
0%
Pianezza
0%
Pinasca
0%
Pionesi Torinese
0%
Piscina
0%
Piverone
0%
Poirino
0%
Pomaretto
0%
Porte
0%
Prali
0%
Pralormo
0%
Pramollo
0%
Prarostino
0%
Prascorsano
0%
Pratgiglione
0%
Pregelato
0%
Quagliuzzo
0%
Quassolo
0%
Reano
0%
Torino Ribordone
0%
Rivalba
0%
Rivalta di Torino
0%
Riva presso Chieri
0%
Rivara
0%
Rivarossa
0%
Robassomero
0%
Rocca Canavese
0%
Roletto
0%
Romano Canavese
0%
Ronco Canavese
0%
Rondissone
0%
Rorà
0%
Rosta
0%
Roure
0%
Rueglio
0%
Salassa
0%
Salbertrand
0%
Salerano Canavese
0%
Salza di Pinerolo
0%
Samone
0%
San Carlo Canavese
0%
San Colombano Belmonte
0%
San Didero
0%
San Francesco al Campo
0%
Sangano
0%
San Germano Chisone
0%
San Gillio
0%
San Giorio di Susa
0%
San Giusto Canavese
0%
San Martino Canavese
0%
San Maurizio Canevese
0%
San Pietro Val Lemina
0%
San Ponso
0%
San Sebastiano da Po
0%
San Secondo da Pinerolo
0%
Sant'Ambrogio di Torino
0%
Santena
0%
Sauze di Cesana
0%
Sauze d'Oulx
0%
Scalenghe
0%
Scarmagno
0%
Sciolze
0%
Settimo Rottaro
0%
Settimo Vittone
0%
Strambinello
0%
Strambino
0%
Tavagnasco
0%
Torrazza Piemonte
0%
Torre Canavese
0%
Torre Pellice
0%
Trana
0%
Traversella
0%
Traves
0%
Trofarello
0%
Usseaux
0%
Usseglio
0%
Valchiusa
0%
Val della Torre
0%
Val di Chy
0%
Valgioie
0%
Vallo Torinese
0%
Valpenga
0%
Valprato Soana
0%
Varisella
0%
Vauda Canavese
0%
Venaus
0%
Verolengo
0%
Verrua Savoia
0%
Vestigné
0%
Vialfré
0%
Vidracco
0%
Vigone
0%
Villafranca Piemonte
0%
Villanova Canavese
0%
Villarbasse
0%
Villar Dora
0%
Villareggia
0%
Villar Focchiardo
0%
Villar Pellice
0%
Villastellone
0%
Virle Piemonte
0%
Vische
0%
Vistrorio
0%
Viù
0%
Volpiano
0%
Nessun quiz corrispondente trovato
Distribuzione punteggi
Percentuale di utenti per punteggio
Percentile per numero di risposta
I tuoi punteggi nel tempo
Non hai fatto questo quiz